000
00183nam a2200097 4500
082
_a
MOT
100
_a
Motilal
245
_a
Shah Abdul Karim
260
_a
Karachi:
_c
1986.
942
_c
BK
999
_c
10160
_d
10160